| 000 | 00587nam a2200205Ia 4500 | ||
|---|---|---|---|
| 005 | 20250326145549.0 | ||
| 008 | 250326s9999 xx 000 0 und d | ||
| 037 | _aTextbook | ||
| 040 |
_aFMSL _beng _cFMSL |
||
| 041 |
_aeng _2eng |
||
| 084 |
_aX:51 Q4.11 _qFMSL |
||
| 100 | _aMalhotra Naresh K | ||
| 245 | 0 |
_aShopper Marketing And the role of In _ Store Marketing _cMalhotra Naresh K. |
|
| 260 |
_aBingley _bBingley, Emerald _c2014 |
||
| 365 | _b8330.8700000000008 | ||
| 490 | _v11 | ||
| 650 | _aManagement | ||
| 942 |
_cTB _hX:51 Q4.11 |
||
| 999 |
_c1308015 _d1308015 |
||